[Event "GER-chT9 LI-01 Br02 email"]
[Site "GER email"]
[Date "2011.10.16"]
[Round "?"]
[White "Muller, Gerhard"]
[Black "Bissmann, Stefan"]
[Result "1/2-1/2"]
[WhiteElo "2339"]
[BlackElo "2229"]
[PlyCount "65"]
[EventDate "2011.10.23"]
[EventType "tourn (corr)"]
[EventRounds "9"]
[EventCountry "GER"]
[SourceTitle "Corr 2015"]
[Source "ChessBase"]
[SourceDate "2015.07.17"]
[SourceVersion "1"]
[SourceVersionDate "2015.07.17"]
[SourceQuality "1"]

1. e4 e5 2. Nf3 Nc6 3. Bb5 a6 4. Ba4 Nf6 5. 0-0 b5 6. Bb3 Bb7 7. d3 Be7 8. Re1 0-0 9. Nc3 d6 10. a3 Re8 11. h3 Nd4 12. Nxd4 exd4 13. Ne2 c5 14. Ng3 Bf8 15. Bg5 h6 16. Bxf6 Qxf6 17. Qg4 Qe7 18. Nh5 Rac8 19. Nf4 c4 20. dxc4 bxc4 21. Ba4 Red8 22. b3 Qe5 23. bxc4 Rxc4 24. Bb3 Rc3 25. Nd5 Bxd5 26. exd5 Qf6 27. Rad1 d3 28. Rxd3 Rxd3 29. cxd3 Rb8 30. Rb1 Qc3 31. Qc4 Qd2 32. a4 g6 33. Qc2 1/2-1/2

[Event "GER-chT9 LI-01 Br02 email"]
[Site "GER email"]
[Date "2011.10.16"]
[Round "?"]
[White "Muller, Gerhard"]
[Black "Joppich, Ulrich"]
[Result "1/2-1/2"]
[WhiteElo "2339"]
[BlackElo "2266"]
[PlyCount "66"]
[EventDate "2011.10.23"]
[EventType "tourn (corr)"]
[EventRounds "9"]
[EventCountry "GER"]
[SourceTitle "Corr 2015"]
[Source "ChessBase"]
[SourceDate "2015.07.17"]
[SourceVersion "1"]
[SourceVersionDate "2015.07.17"]
[SourceQuality "1"]

1. e4 c5 2. Nf3 d6 3. d4 cxd4 4. Nxd4 Nf6 5. Nc3 a6 6. f3 e5 7. Nb3 Be7 8. Be3 Be6 9. Qd2 0-0 10. 0-0-0 Nbd7 11. g4 b5 12. g5 Nh5 13. Kb1 Nb6 14. Nd5 Nxd5 15. exd5 Bd7 16. Na5 Qc7 17. Rg1 g6 18. c4 f6 19. gxf6 Bxf6 20. Rc1 Bf5+ 21. Ka1 Qf7 22. cxb5 axb5 23. Bxb5 Nf4 24. Bc6 Nd3 25. Nc4 e4 26. Nxd6 Qe7 27. Bxa8 Rxa8 28. Rc6 exf3 29. Nxf5 Qa3 30. Nh6+ Kg7 31. Rc7+ Kh8 32. Nf7+ Kg8 33. Nh6+ Kh8 1/2-1/2

[Event "GER-chT9 LI-01 Br02 email"]
[Site "GER email"]
[Date "2011.10.16"]
[Round "?"]
[White "Schwetlick, Thomas"]
[Black "Muller, Gerhard"]
[Result "1/2-1/2"]
[WhiteElo "2232"]
[BlackElo "2339"]
[PlyCount "68"]
[EventDate "2011.10.23"]
[EventType "tourn (corr)"]
[EventRounds "9"]
[EventCountry "GER"]
[SourceTitle "Corr 2015"]
[Source "ChessBase"]
[SourceDate "2015.07.17"]
[SourceVersion "1"]
[SourceVersionDate "2015.07.17"]
[SourceQuality "1"]

1. e4 c5 2. Nf3 d6 3. d4 cxd4 4. Nxd4 Nf6 5. Nc3 a6 6. Be3 e5 7. Nb3 Be7 8. f3 Be6 9. Qd2 0-0 10. 0-0-0 Nbd7 11. g4 b5 12. g5 b4 13. Ne2 Ne8 14. f4 a5 15. f5 a4 16. Nbd4 exd4 17. Nxd4 b3 18. Kb1 bxc2+ 19. Nxc2 Bb3 20. axb3 axb3 21. Na3 Ne5 22. Qg2 Qb8 23. Bf4 Bd8 24. h4 Bb6 25. g6 fxg6 26. h5 gxh5 27. Rxh5 Nf6 28. Rxh7 Nxh7 29. Bxe5 dxe5 30. Rd7 Rf7 31. Rxf7 Kxf7 32. Bc4+ Kf8 33. Qg6 Qb7 34. Qd6+ Qe7 1/2-1/2